MDQL
is popping MORE tags! Check the
thread
!
Quizzes
Events
Quiz Creation
Community
Videos
Private Events
Remove Ads
Sign In
Join for FREE
Feedback
Dark Mode
Quiz Categories
Sports
Geography
Music
Movies
Television
Just For Fun
Miscellaneous
History
Literature
Language
Science
Gaming
Entertainment
Religion
Holiday
For Kids
Quiz Lab
Recent
Popular Today
Quiz Kudos Today
Editor Picks
Curator Picks
Quizzes by...
Day
Popularity
Type
Ratings
Length
Year
Community
Subscriptions
Recent Discussions
Orange Saloon
Badges
Playlists
Quests
Create
Leaderboards
Showdown
Live 5
Trivia Bingo
Activity
Puzzle Library
Sporcle Events
Private Events
Virtual Trivia
Globe League
Become a Host
Pub Owners
SporcleCon
Opinionation
Our Games
Videos
Blog
Mobile Apps
Partnerships
Remove Ads and Go Orange
Feedback
Movies
Disney
Marvel Cinematic Universe
Movie Resume
Movie Titles
Oscar
Actor
Actress
Director
Pixar
Role
Movie Quotes
Movie Characters
Box Office
Nominee
Best Picture
Star Wars
James Bond
Horror Movies
Movies
Disney
Marvel Cinematic Universe
Movie Resume
Movie Titles
Oscar
Actor
Actress
Director
Pixar
Role
Movie Quotes
Movie Characters
Box Office
Nominee
Best Picture
Star Wars
James Bond
Horror Movies
Random Quiz
Search Sporcle
×
Quiz Lab
Quiz Lab
Movies
Actor
Type in answers that appear in a list
Type in answers that appear in a list
Classic
Best Score? Go Orange.
100 Best Comedy Movies Stats
Can you name the 100 Best Comedy Movies?
By
TheCrisis
12m
100 Questions
268 Plays
268 Plays
268 Plays
Comments
Comments
Give Quiz Kudos
Give Quiz Kudos
-
- Ratings
hide this ad
More Info
Replay
Link that replays current quiz
Next Quiz
Link to next quiz in quiz playlist
You Got
0%
They Got
Avg Score
34%
Avg Friend Score
Upgrade to see
Score Distribution
Jump to the score distribution portion of the page
Score
0/100
Timer
12:00
0
Plays Today
#
Film
% Correct
#23
Ghostbusters
63.1%
#57
The Hangover
62.7%
#100
Sister Act
61.9%
#3
Monty Python's Life of Brian
61.9%
#2
Airplane!
60.8%
#4
Annie Hall
60.1%
#82
The Pink Panther
59%
#22
Dumb and Dumber
57.5%
#27
There's Something About Mary
57.1%
#8
Groundhog Day
57.1%
#66
National Lampoon's Animal House
55.2%
#6
Anchorman: The Legend of Ron Burgundy
54.9%
#12
Borat
54.1%
#87
A Fish Called Wanda
53.7%
#85
Caddyshack
53.7%
#64
Coming to America
53.4%
#54
The Blues Brothers
53.4%
#18
The Naked Gun
53.4%
#20
Trading Places
51.5%
#28
Wayne's World
50%
#15
Blazing Saddles
49.6%
#5
Monty Python and the Holy Grail
49.6%
#16
Shaun of the Dead
49.3%
#13
The Big Lebowski
49.3%
#19
South Park: Bigger, Longer & Uncut
48.9%
#91
Dodgeball: A True Underdog Story
47.4%
#21
Planes, Trains and Automobiles
47.4%
#90
Mean Girls
47%
#88
Arthur
46.3%
#52
Young Frankenstein
46.3%
#50
When Harry Met Sally
45.9%
#59
Happy Gilmore
45.1%
#9
Some Like it Hot
45.1%
#62
Hot Fuzz
44.4%
#
Film
% Correct
#17
Duck Soup
42.9%
#43
Tootsie
42.2%
#55
Ace Ventura: Pet Detective
41.8%
#44
National Lampoon's Vacation
41.8%
#10
The Jerk
40.7%
#65
Elf
39.6%
#35
Zoolander
39.6%
#14
Dr. Strangelove or: How I Learned to Stop Worrying and Love the Bomb
39.6%
#41
The Odd Couple
38.1%
#1
This Is Spinal Tap
37.7%
#74
Four Weddings and a Funeral
36.6%
#31
The Princess Bride
36.2%
#79
Bridesmaids
35.8%
#51
Dirty Rotten Scoundrels
35.8%
#30
The Producers
35.4%
#47
The Apartment
34.7%
#81
Raising Arizona
34.3%
#56
A Night at the Opera
31.7%
#76
Old School
31.3%
#77
Stir Crazy
30.6%
#89
The Great Dictator
29.9%
#97
Swingers
29.5%
#63
Kingpin
29.1%
#58
Monty Python's The Meaning of Life
29.1%
#40
Three Amigos
29.1%
#98
Brazil
28.4%
#60
Sleeper
28.4%
#34
Austin Powers: International Man of Mystery
28%
#11
Team America: World Police
28%
#84
Galaxy Quest
27.6%
#26
Best in Show
27.6%
#68
The King of Comedy
26.9%
#94
Midnight Run
26.1%
#29
Rushmore
25.4%
#
Film
% Correct
#38
Napoleon Dynamite
25%
#61
The Royal Tenenbaums
24.6%
#75
Bananas
24.3%
#45
Office Space
22.8%
#70
The General
22%
#7
Withnail & I
21.6%
#93
Arsenic and Old Lace
20.5%
#69
Clerks
20.5%
#96
BASEketball
19.8%
#32
The Man with Two Brains
19.4%
#37
Top Secret
19%
#78
Little Miss Sunshine
18.7%
#46
Harold and Maude
17.9%
#42
The Ladykillers
17.5%
#99
Carry on Screaming
16.4%
#67
His Girl Friday
16.4%
#49
Love and Death
16%
#80
Clockwise
12.7%
#36
Kind Hearts and Coronets
12.3%
#72
Bedazzled
11.9%
#24
Four Lions
11.6%
#83
Sullivan's Travels
11.2%
#39
Waiting for Guffman
10.8%
#95
The Pink Panther Strikes Again
9.7%
#73
The Party
9.3%
#48
Play It Again Sam
9%
#33
In the Loop
9%
#53
Way Out West
7.8%
#71
Broadway Danny Rose
7.5%
#92
Nuts in May
4.1%
#25
The Castle
3.7%
#86
Mr. Hulot's Holiday
2.6%
Quiz Playlist
Details
Report
Send in Message
Add To Playlist
More Info:
The top 100 comedies of all time according to Time Out London.
Classic:
Type in answers that appear in a list
Quiz Source
Last Updated: Feb 16, 2017
Quiz Scoreboard
CHALLENGE
Sign Up to Join the Scoreboard
Show All
Scores
Hide
Comments
May contain spoilers
Recently Published
Two Season TV Shows II
by 123Four
Television
10m
Image Sorting: Flags VI
by Barbecue
Geography
2m
Find the 'City' Movie
by crazypaving
Movies
60s
More to Explore
Quiz From the Vault
Featured Blog Post
14 Easter Pick-up Lines to Find Eggs With
hide this ad
You Might Also Like...
Tags
Actor Quiz
100
100 Best
Comedy
Comedy Movie
Today's Top Quizzes in Movies
Browse Movies
hide this ad
Today's Top Quizzes in Actor
Browse Actor
Top Contributed Quizzes in Movies
1
Find The 'Big' Movie
2
The ultimate James Bond movie quiz
3
Find The 'Wild' Movie
4
Find The 'Blue' Movie
5
Movies By Plot
6
Hidden Star Wars Character II
7
Pick 5 Posters: Directed by Spielberg
8
Hidden Star Wars Character III
9
Hidden Star Wars Character IV
10
25 Best Actor Nominees (1990s)
Explore More
Trending Topics
Harry Potter
Kpop
Anime
Marvel
NBA
Disney
Crossword
Pokémon
WWE
Puzzle
Song
Soccer
The Office
Country
NFL
hide this ad
More By:
TheCrisis
Quiz
Plays
Rating
Category
Featured
Created
Obscure 90s Movies
317
2.35
Movies
Feb 16, 2015
Yahoo!'s 100 Funniest Movies
191
2.25
Movies
May 28, 2012
Steve Carell Movies
182
5.00
Movies
Jul 1, 2010
30 Longest Home Runs of 2014
113
4.00
Sports
Dec 3, 2014
2005 Chicago White Sox Roster
103
5.00
Sports
Jul 4, 2010
Go to Creator's Profile
Score Distribution
Quiz Creator Spotlight
TheCrisis
Follow
Send a Message
Quizzes Created
-
Created Quiz Play Count
-
More By This Creator
Popular Quizzes Today
1
Find the US States - No Outlines Minefield
2
Colored Red Africa Blitz
3
Find the 'City' Movie
4
5x2 Blitz: Bands
5
The Countries of the World
6
Find the Countries of Europe - No Outlines Minefield
7
Find the US States
8
US States
More Movies Quizzes
Dennis Quaid Movies
Published
Trending Quizzes
Colored Red Europe Blitz I
Colored Red Africa Blitz II
Colored Red Europe Blitz II
Colored Red Africa Blitz III
Colored Red Europe Blitz III
Recently Updated
How Do You Spell That?
pecheneg
Godzilla Movies
pecheneg
Grab Bag: 4-10 Letters
pecheneg
2024 March Madness Bracket
pecheneg
Famous TV Couples
Peacemaker
Champions League XIs: Real Madrid
pecheneg
Largest US Cities 1790-2010
pecheneg
Rides in Walt Disney World
pecheneg
Most Oscar Losses (Acting)
pecheneg
Beyoncé Albums
pecheneg
Trending Topics
NBA
Kpop
Harry Potter
Disney
Crossword
Marvel
Anime
WWE
Soccer
NFL
Country
Puzzle
Pokémon
Song
The Office
Your Account Isn't Verified!
In order to create a playlist on Sporcle, you need to verify the email address you used during registration. Go to your
Sporcle Settings
to finish the process.
Report this User
Report this user for behavior that violates our
Community Guidelines
.
Details:
Send Report
Go to the Sporcle.com Mobile Site →
Comments